000 01128nam a2200217Ia 4500
003 Ost
005 20260507075656.0
008 260507s9999||||xx |||||||||||||| ||und||
020 _a977M00235
040 _cfsecg
041 _aara
082 _a346.07
100 _aفضلى، هشام
_eمؤلف
245 0 _aالإستثمار الجماعي في الحقوق الآجلة :
_bالتوريق /
_c هشام فضلى
260 _aالاسكندرية:
_bدار الفكر الجامعي,
_c2004
300 _a184 صفحة؛
_bإيضاحات ؛
_c24 سم
504 _aالمراجع ص.173
520 _aالاستثمار الجماعي في حالة السكون، الشكل القانوني للاستثمار الجماعي من منظور كلي، الشكل القانوني للاستثمار الجماعي من منظور جزئي، الاستثمار الجماعي في حالة الحركة، حوالة محفظة الحقوق وتكوين محل الاستثمار، اصدار الصكوك المالية وتنفيذ عملية الاستثمار.
653 _aالاستثمار
942 _cكتاب
999 _c45709
_d45709